| 000 | 01052nam a2200205Ia 4500 | ||
|---|---|---|---|
| 003 | Ost | ||
| 005 | 20260507075410.0 | ||
| 008 | 260507s9999||||xx |||||||||||||| ||und|| | ||
| 040 | _cfsecg | ||
| 041 | _aara | ||
| 082 | _a330 | ||
| 100 |
_aأبو صالح، محمد صبحي _eمؤلف |
||
| 245 | 0 |
_aالموجز في الطرق الإحصائية / _c محمد صبحي أبو صالح |
|
| 260 |
_aعمان: _bداراليازوري العلمية للنشر والتوزيع, _c2007 |
||
| 300 |
_a254 صفحة؛ _bإيضاحات ؛ _c24 سم |
||
| 520 | _aيضم طرق جمع البيانات وعرضها، مقاييس النزعة المركزية، مقاييس التشتت، العزوم والتفرطح والالتواء، لاحتمالات، التوزيع الطبيعي، الارتباط والانحدار، الارقام القياسية، التقدير واختبار الفرضيات | ||
| 653 | _aالإحصاء - المعاملات الإرتباطية | ||
| 653 | _aالطرق الإحصائية | ||
| 942 | _cكتاب | ||
| 999 |
_c44376 _d44376 |
||